000 00418nam a2200133Ia 4500
008 151001s9999||||xx |||||||||||||| ||und||
100 _aविवेकानंद स्वामी
245 _aस्वामी विवेकानंद का शिक्षादर्शन
250 _a1
260 _bअरुण प्रकाशन
260 _c2000
300 _a79
365 _b21
999 _c978934
_d978931